000 00444nam a22001577a 4500
005 20151207151304.0
008 151207b xxu||||| |||| 00| 0 eng d
020 _a9798443037
040 _cPK-LaUMT
082 _aMSC 928.91439
_bATT-M
100 _aعطاالحق قاسمی
245 _aمزید گنجے فرشتے
_cعطاالحق قاسمی
260 _aلاہور
_bشفیق پبلیکیشنز
_c1999
300 _a271 ص
942 _cBK
999 _c80656
_d80656